000 00643nam a22002177a 4500
005 20150129115641.0
010 _aBAC-EN21 ENG-111774
020 _a9788121906814
_c295.00
035 _aEN-95306
037 _bUBH
037 _bDBAD/PUB
082 _a517.3
100 _aShanti Narayan
245 _aIntegral calculus for B.A. and B.Sc. students /
_cby Shanti Narayan; revised by P.K. Mittal
260 _aNew Delhi
_bS. Chand
_c2014(repr.)
270 _a7361,Ram Nagar
_bNew Delhi
_e110055
300 _axi,592p.
_c24cm(pbk)
700 _aMittal, P.K.
942 _2ddc
_cEN
_mSHA
_h517.3
999 _c89049
_d89049